[Event "AUTO-INT-668"]
[Site "http://www.queenalice.com/game.php?id=295561"]
[Date "2007.10.30"]
[Round "1"]
[White "holandes"]
[Black "Hugohg"]
[Result "1-0"]
[WhiteElo "1674"]
[BlackElo "1330"]

1. e4 Nc6 2. d4 e5 3. d5 Na5 4. c3 Nf6 5. b4 Nxe4 6. bxa5 Nc5 7. Nf3 d6 8. Bb5+
c6 9. dxc6 bxc6 10. Bxc6+ Bd7 11. Bxa8 Qxa8 12. Na3 Qb8 13. Rb1 Qa8 14. O-O h5
15. Re1 Ne6 16. g3 Bc6 17. Re3 e4 18. Nd4 1-0

[Event "AUTO-INT-668"]
[Site "http://www.queenalice.com/game.php?id=295562"]
[Date "2007.10.30"]
[Round "1"]
[White "Hugohg"]
[Black "ilestlibremax"]
[Result "0-1"]
[WhiteElo "1328"]
[BlackElo "1640"]

1. e3 e6 2. Nh3 d5 3. b3 Nf6 4. Bd3 a6 5. O-O Be7 6. Nc3 Bd7 7. Ne2 c5 8. Ng5 h6
9. Nh3 O-O 10. a4 Nc6 11. a5 Nb4 12. c3 Nxd3 13. Nhf4 Nxc1 14. Nxc1 Bb5 15. c4
dxc4 16. bxc4 Bxc4 17. Re1 Bb5 18. Nb3 c4 19. Nd4 e5 20. Nf5 exf4 21. exf4 Re8
22. Qf3 Bc6 23. Qh5 Nxh5 24. Nxe7+ Rxe7 0-1

[Event "AUTO-INT-668"]
[Site "http://www.queenalice.com/game.php?id=295563"]
[Date "2007.10.30"]
[Round "1"]
[White "ilestlibremax"]
[Black "Hugohg"]
[Result "1-0"]
[WhiteElo "1644"]
[BlackElo "1324"]

1. Nf3 e6 2. d4 Nf6 3. Bg5 h6 4. Bxf6 gxf6 5. c4 Bg7 6. Nc3 O-O 7. e3 a6 8. Be2
Qe8 9. O-O b6 10. a3 a5 11. Nb5 c6 12. Nc7 Qd8 13. Nxa8 Bb7 14. Nxb6 Qxb6 15. b4
axb4 16. c5 Qa5 17. axb4 Qxb4 18. Rb1 Qa5 19. Rxb7 Qa2 20. Rb1 e5 21. Ra1 Qd5
22. Ra8 h5 23. Nd2 exd4 24. exd4 1-0

[Event "Challenge"]
[Site "http://www.queenalice.com/game.php?id=310456"]
[Date "2007.11.26"]
[Round "-"]
[White "kalim"]
[Black "Hugohg"]
[Result "1-0"]
[WhiteElo "1808"]
[BlackElo "1321"]

1. d4 e6 2. e4 Nf6 3. Nc3 d5 4. e5 Nfd7 5. Nf3 Na6 6. Bd3 Bb4 7. Bd2 g6 8. O-O
f6 9. Re1 fxe5 10. Nxe5 c5 11. Qf3 Rf8 12. Qg3 cxd4 13. Nxg6 Rg8 14. Rxe6+ Kf7
15. Qf4+ Kg7 16. Nxd5 Ndc5 17. Qe5+ Kf7 18. Re7+ Qxe7 19. Qxe7# 1-0

[Event "AUTO-INT-699"]
[Site "http://www.queenalice.com/game.php?id=311266"]
[Date "2007.11.27"]
[Round "1"]
[White "rmchacal"]
[Black "Hugohg"]
[Result "1-0"]
[WhiteElo "1432"]
[BlackElo "1309"]

1. e4 e5 2. d4 f6 3. Be3 Nc6 4. Nf3 d6 5. dxe5 fxe5 6. Bd3 h5 7. Nc3 Qf6 8. Nd5
Qg6 9. g3 Nf6 10. Nxf6+ Qxf6 11. h4 1-0

[Event "AUTO-INT-699"]
[Site "http://www.queenalice.com/game.php?id=311267"]
[Date "2007.11.27"]
[Round "1"]
[White "Hugohg"]
[Black "rmchacal"]
[Result "0-1"]
[WhiteElo "1321"]
[BlackElo "1420"]

1. e4 e5 2. c3 d5 3. Qe2 dxe4 4. Qxe4 Bd6 5. Nf3 Nf6 6. Qd3 e4 7. Qe3 O-O 8. Ng5
Ng4 9. Qxe4 Re8 10. Kd1 Rxe4 0-1

[Event "AUTO-INT-699"]
[Site "http://www.queenalice.com/game.php?id=311278"]
[Date "2007.11.27"]
[Round "1"]
[White "Double_Two"]
[Black "Hugohg"]
[Result "1-0"]
[WhiteElo "1656"]
[BlackElo "1292"]

1. d4 d5 2. c4 e6 3. c5 Nc6 4. Nc3 b6 5. Bf4 g5 6. Bg3 Bg7 7. e3 bxc5 8. Nb5
cxd4 9. Nxc7+ Ke7 10. Nxa8 Kd7 11. Nc7 dxe3 12. Nxd5 Qa5+ 13. Nb4+ Ke7 14. a3
Bxb2 15. Ra2 1-0

[Event "AUTO-INT-699"]
[Site "http://www.queenalice.com/game.php?id=311279"]
[Date "2007.11.27"]
[Round "1"]
[White "Hugohg"]
[Black "Double_Two"]
[Result "0-1"]
[WhiteElo "1294"]
[BlackElo "1654"]

1. e4 c5 2. Nh3 Nf6 3. e5 Nd5 4. Bc4 e6 5. Qf3 Nc6 6. Ng5 Qxg5 7. O-O Nxe5 8.
Qd1 Nxc4 9. d3 Nce3 10. fxe3 Nxe3 11. Bxe3 Qxe3+ 12. Kh1 Bd6 13. Qh5 O-O 14. Rf3
Qe1+ 0-1

[Event "AUTO-INT-699"]
[Site "http://www.queenalice.com/game.php?id=311286"]
[Date "2007.11.27"]
[Round "1"]
[White "Hugohg"]
[Black "luciano"]
[Result "0-1"]
[WhiteElo "1336"]
[BlackElo "1674"]

1. e4 e5 2. d4 d6 3. dxe5 Nc6 4. e6 fxe6 5. Bc4 Nf6 6. b3 Nxe4 7. Qf3 d5 8. Bd3
Qh4 9. g3 Qf6 10. Qg2 Qxa1 11. Kd1 Bc5 12. Bxe4 dxe4 13. Qxe4 Qxb1 0-1

[Event "Challenge"]
[Site "http://www.queenalice.com/game.php?id=600070"]
[Date "2009.6.8"]
[Round "-"]
[White "Hugohg"]
[Black "srvjhym"]
[Result "0-1"]
[WhiteElo "1275"]
[BlackElo "1281"]

1. e3 f5 2. Bc4 Nf6 3. b3 e5 4. Be2 Nc6 5. Bc4 Bc5 6. Nh3 d6 7. Ng5 Qe7 8. Bf7+
Kd8 9. e4 Bxf2+ 10. Kxf2 Ng4+ 11. Ke2 Nd4+ 12. Ke1 Qxg5 13. c3 Ne6 14. Qe2 Nf4
15. h3 Nxe2 16. hxg4 Ng3 17. Rh3 fxe4 18. Rxg3 Qh4 19. Kf2 Rf8 20. Ke3 Qxg3+ 21.
Ke2 Bxg4+ 22. Kf1 Rxf7+ 0-1

[Event "AUTO-BEG-320"]
[Site "http://www.queenalice.com/game.php?id=600295"]
[Date "2009.6.8"]
[Round "1"]
[White "mingcheli"]
[Black "Hugohg"]
[Result "1-0"]
[WhiteElo "1636"]
[BlackElo "1285"]

1. e4 e6 2. Nf3 c6 3. Bc4 Nf6 4. d3 Bc5 5. h3 O-O 6. O-O Nh5 7. d4 Bb6 8. e5 d5
9. Bb3 Na6 10. g4 Nf4 11. Bxf4 Nb4 12. c3 Na6 13. Bg3 Nc7 14. Qd3 Ne8 15. Nbd2
c5 16. dxc5 Bxc5 17. Rad1 Qb6 18. Nd4 Qa6 19. Qxa6 bxa6 20. N2f3 Nc7 21. Ba4 Rb8
22. b4 Bxd4 23. Nxd4 f6 24. exf6 gxf6 25. Bxc7 Rb7 26. Bg3 e5 27. Nc2 f5 28.
gxf5 Bxf5 29. Rxd5 Bxh3 30. Re1 e4 31. Bb3 Rbf7 32. Rg5+ Kh8 33. Be5+ Rg7 34.
Bxg7# 1-0

[Event "AUTO-BEG-320"]
[Site "http://www.queenalice.com/game.php?id=600296"]
[Date "2009.6.8"]
[Round "1"]
[White "Hugohg"]
[Black "mingcheli"]
[Result "0-1"]
[WhiteElo "1285"]
[BlackElo "1591"]

1. e3 e5 2. Bc4 d5 3. Bb3 c5 4. Nc3 d4 5. Nd5 Be6 6. Qf3 Na6 7. Nh3 h6 8. O-O
Bxh3 9. Qxh3 b5 10. Qf3 c4 11. Bxc4 bxc4 12. exd4 exd4 13. Qg4 Qxd5 14. Re1+ Ne7
15. Qh4 Qd6 16. d3 cxd3 17. cxd3 Nb4 18. g3 Nc2 19. Re4 Nxa1 20. b4 Nc2 21. Bf4
Qxb4 22. Bc7 Qb1+ 23. Kg2 Ne1+ 24. Kh3 Nxd3 25. Bd6 Nxf2+ 26. Kg2 Nxe4 27. Bxe7
Bxe7 28. Qxe4 Qxe4+ 29. Kh3 h5 30. g4 Qxg4# 0-1

[Event "AUTO-BEG-320"]
[Site "http://www.queenalice.com/game.php?id=600311"]
[Date "2009.6.8"]
[Round "1"]
[White "Hugohg"]
[Black "fabiobulcao"]
[Result "0-1"]
[WhiteElo "1263"]
[BlackElo "1264"]

1. Nc3 e5 2. e3 Nf6 3. b3 Bc5 4. Bc4 d6 5. Bb5+ c6 6. Bc4 Bg4 7. f3 O-O 8. fxg4
d5 9. Bd3 Qd7 10. Qf3 Nxg4 11. Qh3 e4 12. Nxe4 dxe4 13. Bxe4 Re8 14. Qxh7+ Kf8
15. Bb2 Bxe3 16. Qxg7+ Ke7 17. Nf3 Bh6 18. Qh7 Qd6 19. O-O Bf4 20. Qh4+ Nf6 21.
Bf5 Na6 22. Rfe1+ Kd8 23. Bxf6+ Kc7 24. Ng5 Nc5 25. Nxf7 Qxd2 26. Be5+ Kb6 27.
Bxf4 Qd5 28. Nd6 Qd4+ 29. Kf1 Rh8 30. Qg5 Rad8 31. Nxb7 Kxb7 32. Red1 Rhe8 33.
Rxd4 Rxd4 34. Qg7+ Kb6 35. Qxd4 Kb5 0-1

[Event "AUTO-BEG-320"]
[Site "http://www.queenalice.com/game.php?id=600312"]
[Date "2009.6.8"]
[Round "1"]
[White "fabiobulcao"]
[Black "Hugohg"]
[Result "0-1"]
[WhiteElo "1268"]
[BlackElo "1275"]

1. d4 e6 2. Bf4 Bd6 3. Bxd6 cxd6 4. e3 d5 5. Nc3 Nh6 6. Nf3 O-O 7. Ne5 a5 8. Bb5
d6 9. Nf3 e5 10. dxe5 dxe5 11. Nxe5 Nf5 12. Qxd5 Be6 13. Qxd8 Rxd8 14. Rd1 Na6
15. e4 Nc5 16. f3 Ne3 17. Rd2 Rd6 18. Rxd6 Nxc2+ 19. Kd2 Nb4 20. Rd1 Bxa2 21.
Kc1 Nb3# 0-1

[Event "Challenge"]
[Site "http://www.queenalice.com/game.php?id=600820"]
[Date "2009.6.9"]
[Round "-"]
[White "higorgomes"]
[Black "Hugohg"]
[Result "0-1"]
[WhiteElo "1212"]
[BlackElo "1271"]

1. e4 e6 2. d3 Nf6 3. Bg5 Bc5 4. d4 Bb4+ 5. c3 Ba5 6. Qf3 h6 7. Bh4 g5 8. b4 Bb6
9. Nd2 gxh4 10. Qh3 Ng8 11. Ndf3 Nf6 12. Qxh4 c5 13. bxc5 Ba5 14. Rc1 b6 15.
cxb6 Qe7 16. Bc4 Qa3 17. Rc2 Bxc3+ 18. Ke2 Bb7 19. Qxf6 Rf8 20. Nh3 Bxe4 21.
Qxh6 Bxc2 22. Ne5 axb6 23. Qe3 Rg8 24. Qf3 d6 25. Qxa8 Qxa8 26. Rc1 Qa4 27. g3
dxe5 28. Rxc2 Qxc2+ 29. Ke3 exd4+ 30. Kf3 d3 31. Nf4 d2 32. Ne2 d1=Q 33. Bd3
Qcxd3+ 34. Kf4 Q1xe2 35. f3 Qde3# 0-1

[Event "Challenge"]
[Site "http://www.queenalice.com/game.php?id=600821"]
[Date "2009.6.9"]
[Round "-"]
[White "Hugohg"]
[Black "higorgomes"]
[Result "0-1"]
[WhiteElo "1291"]
[BlackElo "1196"]

1. e3 e5 2. Nc3 Nc6 3. Bc4 Bb4 4. Qh5 g6 5. Qh3 Nf6 6. Nd5 d6 7. Qf3 Bf5 8. e4
Nxe4 9. g4 Be6 10. Qxe4 Qh4 11. Nxc7+ Kd8 12. Nxa8 Kd7 13. a3 Bc5 14. Nf3 Qxf2+
15. Kd1 Bxc4 16. d3 Ba6 17. Qd5 Rxa8 18. Qxf7+ Ne7 19. Bg5 Re8 20. Qxh7 Qxf3+
21. Kd2 Qxg4 22. Bxe7 Rxe7 23. Rhf1 Qg2+ 24. Ke1 Rxh7 25. Rf8 Rxh2 26. Rf7+ Ke6
27. d4 Rh1+ 28. Rf1 Rxf1# 0-1

[Event "Hugopessanha"]
[Site "http://www.queenalice.com/game.php?id=646125"]
[Date "2009.9.2"]
[Round "-"]
[White "Hugopessanha"]
[Black "Hugohg"]
[Result "1-0"]
[WhiteElo "1534"]
[BlackElo "1285"]

1. e4 e6 2. Nh3 Nf6 3. e5 Ne4 4. Qf3 g6 5. Qxe4 f5 6. Qe2 b6 7. Qf3 Nc6 8. Bb5
Bb7 9. c3 Rb8 10. d4 Na5 11. Qd1 c6 12. Bg5 Be7 13. Bxe7 Qxe7 14. Ba4 c5 15.
dxc5 Qxc5 16. Nf4 Qxe5+ 17. Ne2 Bxg2 18. Rg1 Bf3 19. Bb5 Qxb5 20. Na3 Qxb2 21.
Rg3 Bxe2 22. Qc1 Nc4 23. Nxc4 Qb5 24. Nd6+ Ke7 25. Nxb5 Bxb5 26. c4 Ba4 27. Qa3+
Ke8 28. Qxa4 f4 29. Rd3 Rd8 30. Rad1 Kf7 31. Rxd7+ Kf6 32. Rxd8 Kg7 33. Qd7+ 1-0

[Event "Challenge"]
[Site "http://www.queenalice.com/game.php?id=687053"]
[Date "2009.11.22"]
[Round "-"]
[White "Hugohg"]
[Black "FENIX_RJ"]
[Result "0-1"]
[WhiteElo "1245"]
[BlackElo "1434"]

1. e4 e5 2. Nf3 Bc5 3. Bc4 Nf6 4. Ng5 O-O 5. O-O d5 6. Bxd5 h6 7. Bxf7+ Kh8 8.
Ne6 Bxe6 9. Bxe6 Nxe4 10. Qg4 Nxf2 11. Qg6 Nh3+ 12. Kh1 Nf2+ 13. Kg1 Qd4 0-1

[Event "Challenge"]
[Site "http://www.queenalice.com/game.php?id=690408"]
[Date "2009.11.29"]
[Round "-"]
[White "Hugohg"]
[Black "Hugopessanha"]
[Result "0-1"]
[WhiteElo "1247"]
[BlackElo "1668"]

1. e4 e5 2. Nf3 Bc5 3. Nxe5 Qf6 4. Qh5 Qxf2+ 5. Kd1 Nh6 6. Bc4 g6 7. Qxh6 d5 8.
Bxd5 Qxg2 9. Bxf7+ Kd8 10. Re1 Bf2 0-1